LEADER 01630nam a2200337 u 4500 001 000000034454 003 CaOOAMICUS 005 20070226112456.0 008 971215s1995 ne dk u000 u eng u 020 $a9039001316 035 $a10778984 040 $aIPA$bita$dPUL 100 1 $aSteyn, Gert Jacobus.$0(OLS)http://pul/name/26525 245 10$aSeptuagint quotations in the context of the Petrine and Pauline speeches of the Acta apostolorum /$cGert Jacobus Steyn. 260 $aKampen :$bKok Pharos,$cc1995. 300 $aviii, 290 p. :$bdiagr., prosp. ;$c24 cm 490 1 $aContributions to biblical exegesis and theology ;$v12 502 $aDiss. -- University of Pretoria, 1994. 504 $aBibliografia: p. 258-290. 630 04$aBiblia.$pN.T.$pActus apostolorum.$xCritica e interpretazione.$0(OLS)http://pul/subject/1725 630 04$aBiblia.$pV.T.$lGreco.$sSeptuaginta.$0(OLS)http://pul/subject/15191 710 2 $aUniversity of Pretoria.$0(OLS)http://pul/name/26526 830 0$aContributions to biblical exegesis and theology ;$v12.$0(OLS)http://pul/title/27171 850 $aPUL 852 $aPUL$W1$xSL Religione 1$y3$m10(4) L 12$j47195$nBK-PRI$b $qStampati$B47195$CPULBib$Z2$F47195 $H $81 941 1 $a8 961 $aINV: 87783 983 0$aContributions to biblical exegesis & theology. 996 $6020$a9039001316$9(OLS)http://pul/number/43212 996 $6245$aSeptuagint quotations in the context of the Petrine and Pauline speeches of the Acta apostolorum$9(OLS)http://pul/title/47416 996 $6260$aKampen :$bKok Pharos$9(OLS)http://pul/publisher/56079 LEADER 01163nam a2200265 u 4500 001 000000113865 003 CaOOAMICUS 005 20100121111832.0 008 081111s2008 it u000 u ita r 040 $aPUL$bita$dLDB 041 1 $aita$heng 100 1 $aBoccaccini, Gabriele.$0(OLS)http://pul/name/70 240 10$aRoots of rabbinic judaism.$lItaliano.$0(OLS)http://pul/title/143087 245 12$aI giudaismi del secondo tempio :$bda Ezechiele a Daniele /$cGabriele Boccaccini. 260 $aBrescia :$bMorcelliana,$c2008. 300 $a260 p. ;$c22 cm. 490 1 $aAntico e Nuovo Testamento ;$v01 504 $aInclude riferimenti bibliografici. 650 14$aGiudaismo$yEvo antico.$0(OLS)http://pul/subject/26825 830 0$aAntico e Nuovo Testamento (Morcelliana) ;$v01.$0(OLS)http://pul/title/143086 850 $aPUL 852 $aPUL$W1$xSL Religione 3$y85$m220 COLL 5.1$j130069$qDDC 21$B129146$CPULBib$Z2$F129146 $H108249 $82 941 1 $a9 996 $6245$aI giudaismi del secondo tempio :$bda Ezechiele a Daniele$9(OLS)http://pul/title/143085 996 $6260$aBrescia :$bMorcelliana$9(OLS)http://pul/publisher/47854